Manažment znalostí vo vzdelávaní

Identifikácia prvkov riadenia znalostí a učiacej sa organizácie v prostredí vysokej kreativity, invencie a vzdelávania. Objektom skúmania je prostredie základných umeleckých škôl. Konverzia znalostí, model SECI.

Gespeichert in:
Bibliographische Detailangaben
1. Verfasser: Benko, Martin
Weitere Verfasser: Džubáková, Martina
Format: Buchkapitel
Sprache:Slowakisch
Schlagworte:
Tags: Tag hinzufügen
Keine Tags, Fügen Sie das erste Tag hinzu!

MARC

LEADER 00000nla a2200000 4500
001 0195931
005 20240502073310.8
041 0 |a slo 
044 |a SK 
245 1 0 |a Manažment znalostí vo vzdelávaní  |c Martin Benko, Martina Džubáková 
520 |a Identifikácia prvkov riadenia znalostí a učiacej sa organizácie v prostredí vysokej kreativity, invencie a vzdelávania. Objektom skúmania je prostredie základných umeleckých škôl. Konverzia znalostí, model SECI. 
610 2 0 |a manažment znalostný 
610 2 0 |a riadenie znalostí 
610 2 0 |a vzdelávanie 
100 1 |a Benko, Martin 
700 1 |a Džubáková, Martina